000
00220 a2200097 4500
001
10138
100
_a
Wheare, K C
245
_a
Statute of westminster and dominion status
260
_a
_b
Oxford
_c
090
_c
7882
_d
7882
942
_a
NUST-CAE
_c
M
_c
34580
999
_c
245211
_d
245211